You're Gonna Go Far - Noah Kahan (All Lyrics) - Statistics

General Stats
  • This quiz has been taken 133 times
  • The average score is 326 of 401
Answer Stats
Lyrics % Correct
a
99%
I
99%
you
97%
you,
97%
You
97%
your
97%
Your
97%
go
96%
The
96%
the
96%
for
95%
For
95%
You're
95%
at
94%
far
94%
far,
94%
on
92%
so
92%
So,
92%
to
92%
We
92%
up
91%
when
91%
ain't
90%
all
90%
angry
90%
are
90%
love
90%
Then
90%
thing
90%
where
90%
and
88%
And
88%
be
88%
greatest
88%
it
88%
It
88%
lost
88%
still
88%
car,
87%
get
87%
hand
87%
pack
87%
will
87%
got
86%
put
86%
we've
86%
heart
84%
here
84%
is
84%
birds
83%
Say
83%
Was
83%
was
83%
whatever
83%
gonna
82%
waiting
82%
We'll
82%
we'll
82%
Well,
82%
sing
81%
feel,
79%
in
79%
you'll
79%
forever
78%
good
78%
kids
78%
least
78%
me
78%
saw
78%
"This
78%
This
78%
this
78%
wherever
78%
things
77%
time
77%
young,
77%
die
75%
die?
75%
fight
75%
from
75%
it's
75%
know
75%
make
75%
only
75%
or
75%
strong
75%
as
74%
college
74%
destination
74%
hard
74%
light
74%
takes
74%
Who
74%
who
74%
land,
73%
leaves
73%
makes
73%
getting
71%
smile
71%
folks
70%
Ooh
70%
ooh,
70%
(Ooh
70%
ooh)
70%
praying
70%
they?
70%
conversation,
69%
red
69%
clean
68%
fine"
68%
normal
68%
sound
68%
deadline
66%
while
66%
of
65%
shit
65%
yard
65%
grammar
64%
spray
64%
their
64%
with
64%
boys
62%
by
62%
correcting
62%
creak
62%
nightfall
62%
paint
62%
babe,
61%
even
61%
They're
61%
frat
60%
gave
60%
If
60%
lies
60%
mind
60%
tired
60%
boards
58%
But
58%
driving
58%
fault
58%
hell,
58%
hell
58%
would
58%
after
57%
always
57%
just
57%
Yes,
57%
brights
56%
calculations
56%
down
56%
gotta
56%
livin'
56%
quiet
56%
That's
56%
wanna
56%
We're
56%
drunk
55%
had
55%
told
55%
difference
53%
likes
53%
outside
53%
step
52%
about
51%
Making
51%
shut
51%
survival
51%
town
51%
foot
49%
long
49%
own
49%
won't
49%
gonna
47%
overdue
47%
sure
47%
volition
45%
revival
44%
spent
44%
our
29%
No matching quizzes found
Score Distribution
Percent of People with Each Score
Percentile by Number Answered
Your Score History
You have not taken this quiz